Statistics for European Geography by Letter - N

Click here to take the quiz!

General Stats

  • This quiz has been taken 105 times
  • The average score is 15 of 20

Answer Stats

HintAnswer% Correct
Largest city in southern Italy and thought to be the place where pizza was inventedNaples
100%
Sea that lies between the above country, Great Britain, and continental EuropeNorth Sea
100%
Country famous for its fjordsNorway
100%
Annual prizes in physics, chemistry, medicine, literature, and peace established by and named after a Swedish chemist and inventorNobel Prize
99%
Region of France where the Allies landed on D-DayNormandy
99%
This country got its name after resolving a dispute about it with GreeceNorth Macedonia
98%
French emperor and military leader who conquered much of Europe before finally being defeated at the Battle of WaterlooNapoleon Bonaparte
97%
26% of this country's land area is below sea levelNetherlands
97%
The only of the four constituent parts of the UK not to be located on Great BritainNorthern Ireland
96%
German city where the Nazis passed a set of racist laws before World War II, and then where Nazi war criminals were tried after the warNuremburg
96%
Major French city on the Mediterranean coast near MonacoNice
95%
English city where, according to legend, Robin Hood lived nearNottingham
93%
French city which is the largest in the cultural region of Brittany, but is not actually located within the modern administrative region of BrittanyNantes
73%
Medieval people group who inhabited Scandinavia and settled the Faroe Islands, Iceland, Greenland, and CanadaNorsemen
62%
Major Russian city located on the Volga RiverNizhny Novgorod
59%
Capital and largest city of Serbia's autonomous province of VojvodinaNovi Sad
59%
Basque kingdom between France and Spain that existed from 824-1841Navarre
45%
Medieval state and its capital which controlled much of northern Russia before it was conquered by MoscowNovgorod
35%
Federal subject of Russia located on the Arctic coastNenetsia
15%
River that starts in Belarus and forms part of the border between Lithuania and KaliningradNeman
11%

Score Distribution

Percentile by Number Answered

Percent of People with Each Score

Your Score History

You have not taken this quiz